000 00737nam a2200217Ia 4500
005 20241129105909.0
008 241129s9999||||xx |||||||||||||| ||und||
020 _a978-93-82848-27-1
037 _aTB
040 _aARTS
_bhin
_cARTS
041 _ahin
_2hin
084 _aO152,3M80:g Q9
_qARTS
100 _aनवलकिशोर, ले.
245 0 _aप्रेमचन्द की प्रगतिशीलता
_cनवलकिशोर, ले.
260 _aनई दिल्ली, भारत
_bनयी प्रकाशन संस्थान
_c2022
300 _a151पृ0
365 _aINR
_b300
650 _aHindi Fiction
942 _cTB
_hO152,3M80:g Q9
999 _c1226487
_d1226487